<?xml version="1.0" encoding="UTF-8"?>
<record
    xmlns:xsi="http://www.w3.org/2001/XMLSchema-instance"
    xsi:schemaLocation="http://www.loc.gov/MARC21/slim http://www.loc.gov/standards/marcxml/schema/MARC21slim.xsd"
    xmlns="http://www.loc.gov/MARC21/slim">

  <leader>00694cac a2200205 a 4500</leader>
  <controlfield tag="003">CO-PeBPM</controlfield>
  <controlfield tag="005">20251022115508.0</controlfield>
  <controlfield tag="008">231129s1980||||ck a||||||||||||| ||spa||</controlfield>
  <datafield tag="020" ind1=" " ind2=" ">
    <subfield code="a">8425304504                                     </subfield>
  </datafield>
  <datafield tag="040" ind1=" " ind2=" ">
    <subfield code="a">CO-PeBPM</subfield>
    <subfield code="b">spa</subfield>
    <subfield code="c">CO-PeBPM</subfield>
    <subfield code="e">rda</subfield>
  </datafield>
  <datafield tag="041" ind1=" " ind2=" ">
    <subfield code="a">spa</subfield>
  </datafield>
  <datafield tag="082" ind1="0" ind2="4">
    <subfield code="a">150.1 W825i</subfield>
    <subfield code="2">22</subfield>
  </datafield>
  <datafield tag="100" ind1="1" ind2=" ">
    <subfield code="a">Wittig, Arno F.</subfield>
    <subfield code="e">autor</subfield>
  </datafield>
  <datafield tag="245" ind1=" " ind2="0">
    <subfield code="a">Introducci&#xF3;n a la psicolog&#xED;a</subfield>
    <subfield code="b">: Teor&#xED;&#xAD;a y problemas</subfield>
    <subfield code="c">/ Arno F. Wittig</subfield>
  </datafield>
  <datafield tag="260" ind1=" " ind2=" ">
    <subfield code="a">Bogot&#xE1;, Colombia</subfield>
    <subfield code="b">: Andes</subfield>
    <subfield code="c">, 1980</subfield>
  </datafield>
  <datafield tag="300" ind1=" " ind2=" ">
    <subfield code="a">322p&#xE1;ginas</subfield>
    <subfield code="b">ilustraciones, figuras en blanco y negro</subfield>
    <subfield code="c">27 centimetros</subfield>
  </datafield>
  <datafield tag="500" ind1=" " ind2=" ">
    <subfield code="a">Incluye &#xED;ndice al final del texto</subfield>
  </datafield>
  <datafield tag="650" ind1=" " ind2=" ">
    <subfield code="a">Psicolog&#xED;a</subfield>
    <subfield code="2">LEMB</subfield>
  </datafield>
  <datafield tag="942" ind1=" " ind2=" ">
    <subfield code="2">ddc</subfield>
    <subfield code="c">BK</subfield>
  </datafield>
  <datafield tag="952" ind1=" " ind2=" ">
    <subfield code="0">0</subfield>
    <subfield code="1">0</subfield>
    <subfield code="2">ddc</subfield>
    <subfield code="4">0</subfield>
    <subfield code="7">0</subfield>
    <subfield code="8">GEN</subfield>
    <subfield code="a">BRC</subfield>
    <subfield code="b">BRC</subfield>
    <subfield code="c">GEN</subfield>
    <subfield code="d">2011-12-13</subfield>
    <subfield code="e">Donaci&#xF3;n</subfield>
    <subfield code="l">0</subfield>
    <subfield code="o">150.1 W825i</subfield>
    <subfield code="p">32095</subfield>
    <subfield code="r">2023-11-29 21:15:29</subfield>
    <subfield code="t">Ej. 1</subfield>
    <subfield code="w">2023-11-29</subfield>
    <subfield code="y">BK</subfield>
  </datafield>
  <datafield tag="999" ind1=" " ind2=" ">
    <subfield code="c">15903</subfield>
    <subfield code="d">15903</subfield>
  </datafield>
</record>
